| 000 | 00975nam a2200289Ia 4500 | ||
|---|---|---|---|
| 001 | dia_6923 | ||
| 003 | CHAP | ||
| 005 | 20230607184458.0 | ||
| 007 | ta | ||
| 008 | 220117s2008 mx ad fr 001 0 spa d | ||
| 010 | _a178118 | ||
| 040 |
_cCHAP _amxchpua |
||
| 050 | 1 | 0 |
_aTS156.6 _b.P66 2008 |
| 082 | 0 | 0 |
_a658.562 _bP66 2008 _220 |
| 100 | 1 |
_aPonce Hernández, Pedro _9147918 _eautor |
|
| 245 | 1 | 0 |
_aNotas de clase de sistemas de calidad / _cPedro Ponce Hernández |
| 250 | _a2a edición | ||
| 264 |
_aChapingo, México : _bUACh. Departamento de Ingeniería Agroindustrial, _c2008 |
||
| 300 |
_a276 páginas: _bilustraciones, gráficas, diagramas, tablas |
||
| 504 | _aBibliografía: páginas 275-276 | ||
| 650 | 1 | 3 |
_aControl de calidad _xAdministración _9162786 |
| 650 | 1 | 3 |
_aQuality control _xAdministration _9152271 |
| 901 | _a658.562 P66 2008 | ||
| 902 | _aM | ||
| 905 | _a5232272008 MX INM 8223223321SPA16 | ||
| 942 |
_cLIBRO _2ddc |
||
| 999 |
_c178118 _d178118 |
||